000 00384nam a2200145Ia 4500
008 231129s1986||||xx |||||||||||||| ||spa||
020 _a958-16-0027-2
040 _bspa
082 _a843 B198pa
100 _aBalzac Honore de
245 0 _aPapa Goriot
260 _c1986
264 _aBarcelona EspaƱa: La Montana Magica
942 _2ddc
_cBKS
999 _c22369
_d22369